| 000 | 00600nam a2200181Ia 4500 | ||
|---|---|---|---|
| 008 | 090124s9999 xx 000 0 und d | ||
| 082 | _b100893 | ||
| 100 | _aलागू श्रीराम अ. | ||
| 245 | _a महाराष्ट्राची इभ्रत | ||
| 250 | _a1 | ||
| 260 | _c1929 | ||
| 300 | _a128 | ||
| 600 | _aलागू श्रीराम अ. | ||
| 630 | _a महाराष्ट्राची इभ्रत | ||
| 700 | _aलागू श्रीराम अ. | ||
| 730 | _a महाराष्ट्राची इभ्रत | ||
| 942 | _cBOOK | ||
| 999 |
_c146985 _d146985 |
||